Spotrebiteľské ceny a životné náklady v novembri 1996 v SR
Vývoj indexov spotrebiteľských cien v SR v jednotlivých mesiacoch r. 1995 a 1996. Priemerné spotrebiteľské ceny. Indexy spotrebiteľských cien za SR. Indexy životných nákladov podľa sociálnych skupín.
Salvato in:
| Natura: | Capitolo di libro |
|---|---|
| Lingua: | slovacco |
| Soggetti: | |
| Tags: |
Nessun Tag, puoi essere il primo ad aggiungerne!!
|
MARC
| LEADER | 00000naa a2200000 4500 | ||
|---|---|---|---|
| 001 | r023362 | ||
| 005 | 20230801110205.1 | ||
| 041 | 0 | |a slo | |
| 044 | |a SK | ||
| 245 | 1 | 0 | |a Spotrebiteľské ceny a životné náklady v novembri 1996 v SR |
| 520 | |a Vývoj indexov spotrebiteľských cien v SR v jednotlivých mesiacoch r. 1995 a 1996. Priemerné spotrebiteľské ceny. Indexy spotrebiteľských cien za SR. Indexy životných nákladov podľa sociálnych skupín. | ||
| 610 | 2 | 0 | |a Slovensko |
| 610 | 2 | 0 | |a 1995 |
| 610 | 2 | 0 | |a 1996 |
| 610 | 2 | 0 | |a ceny spotrebiteľské |
| 610 | 2 | 0 | |a náklady životné |
| 610 | 2 | 0 | |a ŠÚ SR Bratislava |
| 610 | 2 | 0 | |a indexy cenové |
| 610 | 2 | 0 | |a skupiny sociálne |